Kaupungit maittain #3 - Statistics

Yleistilastot
  • Tätä visaa on pelattu 1 106 kertaa
  • Keskiarvotulos 15 / 27
Vastaustilastot
Kaupunki Valtio % Oikein
Liverpool Yhdistynyt kuningaskunta
97%
Orlando Yhdysvallat
93%
Rotterdam Alankomaat
91%
Pjongjang Pohjois-Korea
89%
Djibouti Djibouti
86%
Geneve Sveitsi
80%
Split Kroatia
71%
Wrocław Puola
70%
Bilbao Espanja
68%
Dnipropetrovsk Ukraina
68%
Đà Nẵng Vietnam
68%
Cork Irlanti
67%
Brugge Belgia
65%
Hammerfest Norja
63%
Bonn Saksa
63%
Vientiane Laos
44%
Bloemfontein Etelä-Afrikka
39%
Wollongong Australia
33%
Agra Intia
30%
Surabaya Indonesia
29%
Kandahar Afganistan
27%
Recife Brasilia
25%
Incheon Etelä-Korea
24%
Siĕm Réab Kambodža
24%
San Pedro Sula Honduras
18%
Kaohsiung Taiwan
17%
Guayaquil Ecuador
16%
Ehtoja vastaavia visoja ei löytynyt
Tulosjakauma
Jokaisen tuloksen saaneiden osuus
Persentiili vastausten määrän mukaan
Tuloshistoriasi
Et ole pelannut tätä visaa